| 000 | 00775nam a2200265 4500 | ||
|---|---|---|---|
| 003 | OSt | ||
| 005 | 20260530113844.0 | ||
| 008 | 260507b1999 mx ||||| |||| 00| 0 spa d | ||
| 020 | _a9701024346 | ||
| 020 | _a9701024346 | ||
| 040 |
_aICI _bspa _cICI |
||
| 041 | _aspa | ||
| 050 |
_aNC1002.L63 _bL6418 |
||
| 100 |
_a Lloyd Morgan Conway _eautor _930550 |
||
| 245 | 0 | 0 |
_aLogos: _b Logotipos, identidad, marca, cultura. |
| 264 | 1 |
_aMéxico : _bMcGraw-Hill _c1999 |
|
| 300 |
_a160 páginas : _bilustraciones |
||
| 336 |
_atexto _2rdacontent |
||
| 337 |
_asin medio _2rdamedia |
||
| 338 |
_avolumen _2rdacarrier |
||
| 500 | _aTraducción de: Logos: logo, indetity, brand, culture | ||
| 650 | 4 |
_aLogotipos _930551 |
|
| 650 | 4 |
_aMarcas registradas _930552 |
|
| 942 |
_2lcc _cBK _n1 |
||
| 999 |
_c11227 _d11227 |
||